Fridtjof Nansen's "Farthest North" (Record no. 552697)
[ view plain ]
| 000 -LEADER | |
|---|---|
| fixed length control field | 00619cam a2200157Ki 4500 |
| 082 ## - DEWEY DECIMAL CLASSIFICATION NUMBER | |
| Classification number | 387.5092 |
| Author Mark | NAN |
| 100 1# - MAIN ENTRY--PERSONAL NAME | |
| Personal name | Nansen, Fridtjof, |
| 9 (RLIN) | 49876 |
| 245 10 - TITLE STATEMENT | |
| Title | Fridtjof Nansen's "Farthest North" |
| Remainder of title | being the record of a voyage of exploration of the ship Fram, 1893-96 and of a Fifteen Month's sleigh Journey / |
| Statement of responsibility, etc. | by Dr. Nansen and Lieut. Johansen. |
| 250 ## - EDITION STATEMENT | |
| Edition statement | 1st ed |
| 260 ## - PUBLICATION, DISTRIBUTION, ETC. | |
| Place of publication, distribution, etc. | London : |
| Name of publisher, distributor, etc. | Macmillan and Co., |
| Date of publication, distribution, etc. | 1897. |
| 300 ## - PHYSICAL DESCRIPTION | |
| Extent | 1 online resource (2 v.) |
| 526 ## - STUDY PROGRAM INFORMATION NOTE | |
| Program name | 0 |
| Interest level | 0 |
| Reading level | 0 |
| Title point value | 387_509200000000000_NAN |
| 650 ## - SUBJECT ADDED ENTRY--TOPICAL TERM | |
| Topical term or geographic name entry element | MCE |
| 9 (RLIN) | 379 |
| 856 40 - ELECTRONIC LOCATION AND ACCESS | |
| Uniform Resource Identifier | <a href="http://catalog.hathitrust.org/api/volumes/oclc/49116149.html">http://catalog.hathitrust.org/api/volumes/oclc/49116149.html</a> |
| 942 ## - ADDED ENTRY ELEMENTS (KOHA) | |
| Source of classification or shelving scheme | |
| Koha item type | Book |
| Withdrawn status | Lost status | Source of classification or shelving scheme | Damaged status | Not for loan | Permanent Location | Current Location | Shelving location | Date acquired | Total Checkouts | Full call number | Barcode | Date last seen | Price effective from | Koha item type |
|---|---|---|---|---|---|---|---|---|---|---|---|---|---|---|
| Military College of Engineering (MCE) | Military College of Engineering (MCE) | 01/21/2015 | 387.5092 NAN | MCE-ECF 58 | 01/21/2015 | 01/21/2015 | Book |
